00749nam a22002177a 450000500170000001000150001702000270003203500140005903700090007308200170008210000310009924500450013025000090017526000360018427000840022030000200030470000310032494200310035599900190038695201260040520260413165752.0 aENG-148272 a 9789390435203c195.00 aEN-131804 bDBAD a363.3422022 aMalik,Sudha Sambyal988889 aDisaster ManagmentcMalik, Sudha Sambyal a2022 aNew DelhibMalik, Sudha Sambyal a4736/23, Ansari Road,Darya GanjbIndiae110002k011-43549197minfo@astalint.com a97.pgc23cm(pb) aSudha Sambyal Malik988890 2ddccENe2022mMALh363.34 c215873d215873 001040718NFICaDBADbDBADd2026-04-13eDBADg195.00l0oMALpEN-131804r2026-04-13 15:23:34t1v195.00w2026-04-13yEN